<?xml version="1.0" encoding="UTF-8"?>
<marc:record xmlns:marc="http://www.loc.gov/MARC21/slim">
   <marc:leader>00000nam a2200000 a 4500</marc:leader>
   <marc:datafield ind1="1" ind2=" " tag="100">
      <marc:subfield code="a">Gstrein Norbert</marc:subfield>
      <marc:subfield code="4">aut</marc:subfield>
      <marc:subfield code="e">Verfasser/-in</marc:subfield>
   </marc:datafield>
   <marc:datafield ind1=" " ind2=" " tag="653">
      <marc:subfield code="a">Kosovo</marc:subfield>
   </marc:datafield>
   <marc:datafield ind1=" " ind2=" " tag="653">
      <marc:subfield code="a">Roman</marc:subfield>
   </marc:datafield>
   <marc:datafield ind1="0" ind2="0" tag="245">
      <marc:subfield code="a">Das Handwerk des Tötens</marc:subfield>
   </marc:datafield>
   <marc:datafield ind1="0" ind2="0" tag="245">
      <marc:subfield code="c">Gstrein Norbert</marc:subfield>
   </marc:datafield>
   <marc:datafield ind1=" " ind2="1" tag="264">
      <marc:subfield code="a">Frankfurt a.M.</marc:subfield>
      <marc:subfield code="b">Suhrkamp</marc:subfield>
      <marc:subfield code="c">2003</marc:subfield>
   </marc:datafield>
   <marc:datafield ind1=" " ind2=" " tag="250">
      <marc:subfield code="a">1. Aufl.</marc:subfield>
   </marc:datafield>
   <marc:datafield ind1="1" ind2=" " tag="520">
      <marc:subfield code="a">Angelehnt an das Schicksal des "Stern"-Reporters Gabriel Grüner, der 1999 im Kosovo ermordert wurde, handelt der Roman von dem im Kosovo ermorderten Reporter Christian Allmayer und dem Versuch zweier ehemaliger Kollegen, dessen Tod zu rekonstruieren. Norbert Gstrein geht es dabei nicht um einen dokumentarischen Roman, sondern um die Reflexion des Verhältnisses von Kriegswirklichkeit und ihrer literarischen Darstellung.</marc:subfield>
   </marc:datafield>
   <marc:datafield ind1=" " ind2=" " tag="020">
      <marc:subfield code="a">9783518414590</marc:subfield>
      <marc:subfield code="9">9783518414590</marc:subfield>
   </marc:datafield>
   <marc:datafield ind1=" " ind2=" " tag="041">
      <marc:subfield code="a">ger</marc:subfield>
   </marc:datafield>
   <marc:datafield ind1=" " ind2=" " tag="300">
      <marc:subfield code="a">380 S.</marc:subfield>
   </marc:datafield>
</marc:record>
